000 01079nam0a22002651 4500
001 rc\886979
005 20250622031801.0
035 _a(NLR Aleph) 006063945
090 _a4937710
_c4937710
100 _a20041129d1983 |||y0rusy50 ca
101 0 _arus
102 _aRU
105 _ay |||||||||
200 1 _aСинтез и применение карбаматных пестицидов
_f[Сост. к. х. н. Годжаевым М.А.]
210 _aБаку
_cБ. и.
_d1983
215 _a78 с.
_d21
225 1 _aТематический обзор
_fАН АзССР, Ин-т нефтехим. процессов им. акад. Ю.Г. Мамедалиева, Лаб. исслед. и прогнозирования н.-и. работ в обл. нефтепереработки и нефтехимии
_v№ 46
300 _aНа обл. только загл. сер.
320 _aБиблиогр.: с. 63-77
700 1 _aГоджаев
_bМ.А.
801 0 _aRU
_bNLR
_gpsbo
801 1 _aRU
_bELAR
_2rusmarc
852 _aNLR
_jП51/626
942 _cBOOK
980 _aNB